| 000 | 00675nam a2200253Ia 4500 | ||
|---|---|---|---|
| 003 | OSt | ||
| 005 | 20221006144010.0 | ||
| 006 | a|||||r|||| 00| 0 | ||
| 007 | ta | ||
| 008 | 221006b |||||||| |||| 00| 0 eng d | ||
| 020 | _c65.00 | ||
| 024 | _a10,613 | ||
| 037 |
_bGift, _cTextual |
||
| 040 |
_aEASL _cEASL _beng |
||
| 041 |
_2eng _aeng |
||
| 082 | _aW6.N80, M9 | ||
| 100 | _aLIJPHART Arend | ||
| 245 | 0 |
_aDemocracy in plural societies _b A comparative exploration |
|
| 260 |
_aBombay _bPopular Prakashan _c1989 |
||
| 300 |
_a248p. _ccm. |
||
| 490 | _v Oth | ||
| 942 |
_hW6.N80, M9 _cTEXL _2CC |
||
| 999 |
_c1078699 _d1078699 |
||